Statistics for 10 Easternmost Countries in Europe

Click here to take the quiz!

General Stats

  • This quiz has been taken 18,900 times
  • The average score is 9 of 10

Answer Stats

Longitude Country % Correct
69°02′ERussia
98%
40°15'EUkraine
96%
29°40'ERomania
92%
32°46'EBelarus
91%
28°36'EBulgaria
89%
29°38'EGreece
87%
31°35'EFinland
86%
30°10'EMoldova
84%
28°15'ELatvia
83%
33°30'ENorway
60%

Score Distribution

Percentile by Number Answered

Percent of People with Each Score

Your Score History

You have not taken this quiz